アニメ「ポプテピピック」のポプ子、ピピ美の声優 - Statistics

General Stats
  • This quiz has been taken 75 times
  • The average score is 27 of 123
Answer Stats
% Correct
1期 5話後半 ピピ美 杉田智和
82%
1期 5話後半 ポプ子 中村悠一
73%
1期 6話後半 ピピ美 梶裕貴
66%
1期 13話朱雀前半 ポプ子 花澤香菜
57%
2期 1話前半 ポプ子 平野綾
57%
2期 7話後半 ピピ美 | ポプ子 山寺宏一
48%
1期 2話前半 ピピ美 竹達彩奈
46%
1期 3話前半 ピピ美 上坂すみれ
46%
1期 13話青龍後半 ピピ美 石田彰
46%
1期 13話白虎後半 ピピ美 小野賢章
46%
2期 2話前半 ポプ子 朴璐美
45%
2期 2話前半 ピピ美 釘宮理恵
45%
1期 2話前半 ポプ子 悠木碧
43%
1期 4話前半 ポプ子 日笠陽子
43%
1期 13話玄武後半 ポプ子 櫻井孝宏
43%
1期 1話後半 ピピ美 日髙のり子
41%
1期 6話後半 ポプ子 下野紘
41%
2期 3話後半 ピピ美 内田雄馬
41%
1期 1話後半 ポプ子 三ツ矢雄二
39%
1期 13話朱雀前半 ピピ美 戸松遥
39%
1期 13話玄武後半 ピピ美 福山潤
39%
1期 1話前半 ピピ美 大塚芳忠
38%
1期 13話玄武前半 ポプ子 花守ゆみり
38%
2期 3話前半 ポプ子 大谷育江
38%
2期 9話前半 ポプ子 緒方恵美
38%
2期 11話前半 ポプ子 豊崎愛生
38%
1期 4話前半 ピピ美 佐藤聡美
36%
1期 13話玄武前半 ピピ美 東山奈央
36%
2期 8話後半 ピピ美 大塚明夫
36%
1期 4話後半 ピピ美 神谷明
34%
1期 9話後半 ピピ美 石川界人
34%
1期 13話朱雀後半 ポプ子 山口勝平
34%
2期 3話後半 ポプ子 榎木淳弥
34%
1期 12話前半 ピピ美 三石琴乃
30%
2期 4話前半 ポプ子 潘めぐみ
30%
1期 13話青龍後半 ポプ子 保志総一朗
29%
1期 14話朱雀後半 ポプ子 関智一
29%
1期 3話後半 ポプ子 中尾隆聖
27%
1期 8話前半 ポプ子 諸星すみれ
27%
1期 10話前半 ピピ美 三森すずこ
27%
1期 13話青龍前半 ポプ子 田村ゆかり
27%
1期 3話前半 ポプ子 小松未可子
25%
1期 7話前半 ポプ子 こおろぎさとみ
25%
1期 10話後半 ポプ子 小山力也
25%
1期 11話前半 ポプ子 水樹奈々
25%
1期 13話青龍前半 ピピ美 堀江由衣
25%
2期 11話前半 ピピ美 寿美菜子
25%
1期 2話後半 ポプ子 古川登志夫
23%
1期 9話後半 ポプ子 斉藤壮馬
23%
1期 10話後半 ピピ美 高木渉
23%
1期 14話玄武後半 ポプ子 緑川光
23%
2期 9話前半 ピピ美 宮村優子
23%
1期 5話前半 ピピ美 小林ゆう
21%
1期 7話前半 ピピ美 矢島晶子
21%
1期 7話後半 ポプ子 森久保祥太郎
21%
2期 4話前半 ピピ美 伊瀬茉莉也
21%
2期 10話後半 ポプ子 岡本信彦
21%
1期 2話後半 ピピ美 千葉繁
20%
1期 3話後半 ピピ美 若本規夫
20%
1期 5話前半 ポプ子 金田朋子
20%
1期 8話前半 ピピ美 田所あずさ
20%
1期 12話後半 ポプ子 速水奨
20%
1期 14話白虎後半 ポプ子 関俊彦
20%
2期 1話前半 ピピ美 茅原実里
20%
2期 9話後半 ポプ子 立木文彦
20%
1期 8話後半 ピピ美 浪川大輔
18%
1期 10話前半 ポプ子 徳井青空
18%
1期 13話白虎後半 ポプ子 小野友樹
18%
1期 14話朱雀前半 ポプ子 加藤英美里
18%
1期 14話玄武後半 ピピ美 子安武人
18%
2期 1話後半 ピピ美 堀川りょう
18%
1期 4話後半 ポプ子 玄田哲章
14%
1期 6話前半 ピピ美 名塚佳織
14%
1期 9話前半 ポプ子 中村繪里子
14%
1期 9話前半 ピピ美 今井麻美
14%
1期 11話前半 ピピ美 能登麻美子
14%
2期 2話後半 ピピ美 森川智之
14%
2期 3話前半 ピピ美 犬山イヌコ
14%
2期 11話後半 ポプ子 黒田崇矢
14%
1期 7話後半 ピピ美 鳥海浩輔
13%
1期 11話後半 ピピ美 銀河万丈
13%
1期 13話朱雀後半 ピピ美 緒方賢一
13%
1期 13話白虎前半 ピピ美 田中敦子
13%
1期 14話朱雀前半 ピピ美 福原香織
13%
1期 14話白虎後半 ピピ美 遊佐浩二
13%
2期 10話後半 ピピ美 阿部敦
13%
2期 12話後半 ピピ美 池田秀一
13%
1期 8話後半 ポプ子 小野坂昌也
11%
1期 14話青龍前半 ピピ美 井上喜久子
9%
1期 14話白虎前半 ポプ子 竹内順子
9%
1期 1話前半 ポプ子 江原正士
7%
1期 6話前半 ポプ子 三瓶由布子
7%
1期 14話白虎前半 ピピ美 佐久間レイ
7%
2期 5話後半 ピピ美 浅沼晋太郎
7%
2期 10話前半 ポプ子 渡辺久美子
7%
1期 12話後半 ピピ美 中田譲治
5%
2期 4話後半 ポプ子 石丸博也
5%
2期 5話前半 ポプ子 皆川純子
5%
2期 5話後半 ポプ子 豊永利行
5%
1期 11話後半 ポプ子 郷田ほづみ
4%
2期 1話後半 ポプ子 井上和彦
4%
2期 5話前半 ピピ美 甲斐田ゆき
4%
2期 6話後半 ポプ子 畠中祐
4%
2期 6話後半 ピピ美 増田俊樹
4%
2期 9話後半 ピピ美 麦人
4%
1期 12話前半 ポプ子 小山茉美
2%
1期 13話白虎前半 ポプ子 玉川砂記子
2%
1期 14話青龍後半 ピピ美 島田敏
2%
1期 14話玄武前半 ピピ美 横山智佐
2%
2期 6話前半 ポプ子 飯塚雅弓
2%
2期 6話前半 ピピ美 椎名へきる
2%
1期 14話青龍前半 ポプ子 國府田マリ子
0%
1期 14話青龍後半 ポプ子 飛田展男
0%
1期 14話朱雀後半 ピピ美 秋元羊介
0%
1期 14話玄武前半 ポプ子 小桜エツコ
0%
2期 2話後半 ポプ子 檜山修之
0%
2期 4話後半 ピピ美 水島裕
0%
2期 8話前半 ポプ子 真田アサミ
0%
2期 8話前半 ピピ美 氷上恭子
0%
2期 8話後半 ポプ子 堀内賢雄
0%
2期 10話前半 ピピ美 西原久美子
0%
2期 11話後半 ピピ美 宇垣秀成
0%
No matching quizzes found
Score Distribution
Percent of People with Each Score
Percentile by Number Answered
Your Score History
You have not taken this quiz